Wszyscy rozgrywający NFL w latach 2020. - Statystyki

Ogólne statystyki
  • Ten quiz został rozwiązany 23 razy
  • Średni wynik to 34 z 118
Statystyki odpowiedzi
# startów Zespoły Rozgrywający % Poprawnych
84 Bills Josh Allen
90%
81 Chiefs Patrick Mahomes
90%
67 Packers, Jets Aaron Rodgers
80%
50 Buccaneers Tom Brady
80%
7 Bengals, 49ers Brandon Allen
70%
37 49ers Brock Purdy
70%
33 Packers Jordan Love
70%
6 Commanders, Texans Kyle Allen
70%
72 Ravens Lamar Jackson
70%
74 Browns, Panthers, Rams, Buccaneers Baker Mayfield
60%
17 Bears Caleb Williams
60%
58 Cowboys Dak Prescott
60%
66 Eagles Jalen Hurts
60%
69 Bengals Joe Burrow
60%
71 Seahawks, Broncos, Steelers Russell Wilson
60%
51 Dolphins Tua Tagovailoa
60%
33 Jets Zach Wilson
60%
17 Broncos Bo Nix
50%
28 Panthers Bryce Young
50%
32 Texans C.J. Stroud
50%
75 Raiders, Saints Derek Carr
50%
12 Patriots Drake Maye
50%
80 Lions, Rams Jared Goff
50%
20 Jets, Browns, Colts Joe Flacco
50%
44 Bears, Steelers Justin Fields
50%
79 Chargers Justin Herbert
50%
71 Vikings, Falcons Kirk Cousins
50%
49 Patriots, Jaguars Mac Jones
50%
83 Lions, Rams Matthew Stafford
50%
3 Falcons Michael Penix, Jr.
50%
60 Jaguars Trevor Lawrence
50%
6 Commanders Alex Smith
40%
1 Ravens Anthony Brown
40%
15 Colts Anthony Richardson
40%
57 Giants Daniel Jones
40%
35 Texans, Browns Deshaun Watson
40%
12 Saints Drew Brees
40%
34 Colts, Eagles, Jaguars, Raiders Gardner Minshew
40%
52 Seahawks Geno Smith
40%
16 Saints, Browns Jameis Winston
40%
17 Commanders Jayden Daniels
40%
66 Cardinals Kyler Murray
40%
5 Titans, Packers Malik Willis
40%
47 Jets, Panthers, 49ers, Vikings Sam Darnold
40%
6 Saints Spencer Rattler
40%
21 Titans Will Levis
40%
9 Patriots, Browns Bailey Zappe
30%
20 Panthers, Patriots Cam Newton
30%
14 Cowboys Cooper Rush
30%
26 Texans Davis Mills
30%
5 Browns Dorian Thompson- Robinson
30%
7 Bengals Jake Browning
30%
4 Raiders, Broncos Jarrett Stidham
30%
38 49ers, Raiders Jimmy Garoppolo
30%
1 Ravens Josh Johnson
30%
25 Steelers, Eagles Kenny Pickett
30%
17 Bears, Steelers Mitchell Trubisky
30%
53 Titans Ryan Tannehill
30%
9 Saints Taysom Hill
30%
14 Ravens Tyler Huntley
30%
17 Raiders Aidan O'Connell
20%
35 Bears, Cowboys, Saints, Panthers Andy Dalton
20%
31 Steelers Ben Roethlisberger
20%
38 Colts, Eagles, Commanders, Rams, Saints Carson Wentz
20%
4 Browns, Texans Case Keenum
20%
5 Falcons, Raiders Desmond Ridder
20%
23 Broncos, Seahawks, Giants Drew Lock
20%
4 Chargers Easton Stick
20%
21 Dolphins, Browns, Patriots Jacoby Brissett
20%
15 Titans, Cardinals, Vikings, 49ers Joshua Dobbs
20%
13 Falcons Marcus Mariota
20%
45 Falcons, Colts Matt Ryan
20%
16 Colts Philip Rivers
20%
8 Dolphins, Commanders Ryan Fitzpatrick
20%
18 Commanders Sam Howell
20%
3 Dolphins Skylar Thompson
20%
28 Commanders, Falcons Taylor Heinicke
20%
31 Broncos, Panthers, Dolphins Teddy Bridgewater
20%
8 Giants Tommy DeVito
20%
5 49ers, Cowboys Trey Lance
20%
12 Chargers, Texans, Giants Tyrod Taylor
20%
4 Broncos, Rams Brett Rypien
10%
1 Patriots, Raiders Brian Hoyer
10%
1 Chiefs Chad Henne
10%
3 49ers, Jaguars C.J. Beathard
10%
2 Vikings Jaren Hall
10%
9 Steelers, Tittans Mason Rudolph
10%
10 Bears, Colts Nick Foles
10%
12 49ers, Browns, Vikings Nick Mullens
10%
12 Panthers, Browns P.J. Walker
10%
1 Ravens Robert Griffin III
10%
5 Lions, Jets Tim Boyle
10%
4 Bears Tyson Bagent
10%
1 Cowboys Ben DiNucci
0%
1 Chiefs Blaine Gabbert
0%
1 Rams Bryce Perkins
0%
1 Cardinals Clayton Tune
0%
8 Cardinals, Giants Colt McCoy
0%
2 Cardinals David Blough
0%
1 Giants Davis Webb
0%
6 Commanders Dwayne Haskins
0%
2 Cowboys, Commanders Garrett Gilbert
0%
1 Saints Ian Book
0%
2 Giants Jake Fromm
0%
1 Saints Jake Haener
0%
3 Jaguars Jake Luton
0%
3 Broncos, Browns Jeff Driskel
0%
4 Rams John Wolford
0%
1 Broncos Kendall Hinton
0%
9 Jaguars, Giants Mike Glennon
0%
7 Jets Mike White
0%
1 Bears Nathan Peterman
0%
1 Bengals Ryan Finley
0%
3 Colts Sam Ehlinger
0%
1 Vikings Sean Mannion
0%
1 Eagles Tanner McKee
0%
1 Cardinals Trace McSorley
0%
8 Saints, Bears, Jets Trevor Siemian
0%
Nie znaleziono quizów pasujących do podanych kryteriów
Rozkład punktacji
Procent ludzi z każdym wynikiem
Percentyl według liczby udzielonych odpowiedzi
Twoja historia wyników
Nie rozwiązałeś tego quizu